[Event "Prague Golden rap op 13th"]
[Site "Prague"]
[Date "2017.07.01"]
[Round "2"]
[White "Chudinovskih, Alexander N"]
[Black "Kovar, Jan"]
[Result "1-0"]
[WhiteElo "2250"]
[BlackElo "1978"]
[PlyCount "34"]
[EventDate "2017.07.01"]
[EventType "swiss (rapid)"]
[EventRounds "7"]
[EventCountry "CZE"]
[SourceTitle "EXT 2018"]
[Source "ChessBase"]
[SourceDate "2017.10.13"]
[SourceVersion "1"]
[SourceVersionDate "2017.10.13"]
[SourceQuality "1"]

1. d4 d5 2. Bf4 Nf6 3. e3 Bf5 4. c4 c6 5. Nc3 e6 6. Qb3 Qb6 7. c5 Qxb3 8. axb3 Nbd7 9. b4 Be7 10. b5 0-0 11. bxc6 bxc6 12. Ba6 Rfb8 13. Bxb8 Rxb8 14. Ra2 Ne4 15. Nge2 e5 16. 0-0 exd4 17. Nxd4 Ra8 1-0

[Event "Ricany op"]
[Site "Ricany"]
[Date "2016.08.31"]
[Round "6"]
[White "Novotny, Martin"]
[Black "Kovar, Jan"]
[Result "1-0"]
[WhiteElo "1557"]
[BlackElo "1912"]
[PlyCount "61"]
[EventDate "2016.08.27"]
[EventType "swiss"]
[EventRounds "9"]
[EventCountry "CZE"]
[SourceTitle "CBM 174 Extra"]
[Source "ChessBase"]
[SourceDate "2016.10.10"]
[SourceVersion "1"]
[SourceVersionDate "2016.10.10"]
[SourceQuality "1"]

1. d4 d5 2. c4 c6 3. Nc3 Nf6 4. e3 e6 5. Nf3 Nbd7 6. Qc2 Bd6 7. b3 0-0 8. Be2 b6 9. 0-0 Bb7 10. cxd5 exd5 11. Bb2 Re8 12. Bd3 Rc8 13. Rac1 h6 14. Rfe1 c5 15. dxc5 bxc5 16. Qd1 Qe7 17. Nb5 Bb8 18. Bf5 Rc6 19. Re2 a6 20. Na3 Ne5 21. Nxe5 Bxe5 22. Bxe5 Qxe5 23. Bh3 Ne4 24. Bd7 Nc3 25. Rxc3 Qxc3 26. Bxe8 Rb6 27. Bd7 Qb4 28. Nc2 Qe4 29. Ne1 d4 30. f3 Qe7 31. Bf5 1-0

[Event "Jirasek Memorial op 24th"]
[Site "Rakovnik"]
[Date "2012.08.06"]
[Round "4"]
[White "Kovar, Jan"]
[Black "Hajsman, Ladislav"]
[Result "1-0"]
[WhiteElo "2028"]
[BlackElo "1767"]
[PlyCount "71"]
[EventDate "2012.08.04"]
[EventType "swiss"]
[EventRounds "9"]
[EventCountry "CZE"]
[SourceTitle "CBM 149 Extra"]
[Source "ChessBase"]
[SourceDate "2012.08.24"]
[SourceVersion "1"]
[SourceVersionDate "2012.08.24"]
[SourceQuality "1"]

1. d4 d5 2. Nf3 Nf6 3. c4 e6 4. Nc3 Nbd7 5. Bg5 Be7 6. e3 0-0 7. Rc1 c6 8. Bd3 dxc4 9. Bxc4 Nd5 10. Bxe7 Qxe7 11. 0-0 N7f6 12. Re1 Nxc3 13. bxc3 Ne4 14. Qc2 f5 15. Bd3 Ng5 16. Ne5 Nf7 17. Nc4 Nd6 18. Nxd6 Qxd6 19. e4 Bd7 20. exf5 exf5 21. Qb3+ Kh8 22. Qxb7 c5 23. dxc5 Qxd3 24. Red1 Qb5 25. Rxd7 Qxb7 26. Rxb7 Rfc8 27. Rb5 a6 28. Ra5 Rc6 29. Rd1 Re8 30. Kf1 g6 31. Rd6 Re6 32. Rxc6 Rxc6 33. Ke2 Kg7 34. Kd3 Kf6 35. Kd4 Ke6 36. Ra4 1-0

[Event "CZE-chT2B 1112"]
[Site "Czech Republic"]
[Date "2012.04.22"]
[Round "11.8"]
[White "Markovic, Milan2"]
[Black "Kovar, Jan"]
[Result "1/2-1/2"]
[WhiteElo "2182"]
[BlackElo "2008"]
[PlyCount "50"]
[EventDate "2011.10.09"]
[EventType "team-tourn"]
[EventRounds "11"]
[EventCountry "CZE"]
[SourceTitle "EXT 2013"]
[Source "ChessBase"]
[SourceDate "2012.11.22"]
[SourceVersion "1"]
[SourceVersionDate "2012.11.22"]
[SourceQuality "1"]
[WhiteTeam "Vrsovice"]
[BlackTeam "Teplice"]
[WhiteTeamCountry "CZE"]
[BlackTeamCountry "CZE"]

1. e4 d6 2. d4 Nf6 3. Nc3 g6 4. Be3 Bg7 5. Qd2 0-0 6. Bh6 Nbd7 7. Bxg7 Kxg7 8. 0-0-0 e5 9. Nf3 Re8 10. Bc4 Qe7 11. h4 Nb6 12. Bb3 Be6 13. Bxe6 Qxe6 14. d5 Qg4 15. Ng5 Qf4 16. Qxf4 exf4 17. f3 Nh5 18. Ne2 Ng3 19. Rhe1 Nxe2+ 20. Rxe2 Re5 21. Nh3 Rh5 22. Nxf4 Rxh4 23. g3 Rh6 24. Nd3 Re8 25. Rg2 Nc4 1/2-1/2

[Event "CZE-chT2B 1112"]
[Site "Czech Republic"]
[Date "2011.11.06"]
[Round "2.8"]
[White "Kovar, Jan"]
[Black "Mrnka, Jan"]
[Result "1/2-1/2"]
[WhiteElo "2008"]
[BlackElo "2086"]
[PlyCount "88"]
[EventDate "2011.10.09"]
[EventType "team-tourn"]
[EventRounds "11"]
[EventCountry "CZE"]
[SourceTitle "EXT 2013"]
[Source "ChessBase"]
[SourceDate "2012.11.22"]
[SourceVersion "1"]
[SourceVersionDate "2012.11.22"]
[SourceQuality "1"]
[WhiteTeam "Teplice"]
[BlackTeam "Most Marty"]
[WhiteTeamCountry "CZE"]
[BlackTeamCountry "CZE"]

1. d4 Nf6 2. c4 e6 3. Nc3 d5 4. e3 Bb4 5. Nf3 0-0 6. a3 Bxc3+ 7. bxc3 Ne4 8. Qc2 Nd7 9. Bd3 Ndf6 10. 0-0 b6 11. cxd5 exd5 12. c4 Ba6 13. Bb2 Bxc4 14. Bxc4 dxc4 15. Qxc4 c5 16. Rfd1 cxd4 17. Rxd4 Rc8 18. Qd3 Qe7 19. Rd1 Nc5 20. Qe2 Rfd8 21. h3 h6 22. Rxd8+ Rxd8 23. Nd4 Qe4 24. Nb5 Rxd1+ 25. Qxd1 Nd5 26. Qd4 Qxd4 27. Bxd4 a6 28. Nc3 Nxc3 29. Bxc3 b5 30. Kf1 f6 31. Ke2 Kf7 32. Bb4 Nd7 33. Kd3 Ke6 34. Ke4 g6 35. f4 Nb6 36. g4 f5+ 37. gxf5+ gxf5+ 38. Kd4 Nd5 39. Be1 h5 40. Bd2 Nb6 41. e4 Nc4 42. Bc1 fxe4 43. Kxe4 Nd6+ 44. Kd4 h4 1/2-1/2

[Event "Prague Visus op"]
[Site "Prague"]
[Date "2005.07.09"]
[Round "8"]
[White "Prachar, Josef"]
[Black "Kovar, Jan"]
[Result "1-0"]
[WhiteElo "2038"]
[BlackElo "2107"]
[PlyCount "63"]
[EventDate "2005.07.02"]
[EventType "swiss"]
[EventRounds "9"]
[EventCountry "CZE"]
[SourceTitle "CBM 107 Extra"]
[Source "ChessBase"]
[SourceDate "2005.09.01"]
[SourceVersion "1"]
[SourceVersionDate "2005.09.01"]
[SourceQuality "1"]

1. d4 d5 2. c4 e6 3. Nc3 c6 4. e3 Nf6 5. Nf3 Nbd7 6. b3 Bd6 7. Bb2 0-0 8. Bd3 e5 9. cxd5 cxd5 10. dxe5 Nxe5 11. Be2 Re8 12. h3 Bf5 13. Nd4 Be4 14. Nxe4 dxe4 15. 0-0 Rc8 16. Rc1 a6 17. Nf5 Rxc1 18. Bxc1 Bb4 19. Nd4 Nd5 20. Qc2 Nc3 21. Bb2 Nxe2+ 22. Nxe2 Nd3 23. Bd4 Qd7 24. Rd1 Rc8 25. Qb1 Qf5 26. Rf1 Qd5 27. Qa1 f6 28. f3 exf3 29. Rxf3 Rc2 30. Qf1 Ne5 31. Rg3 Qb5 32. Qxf6 1-0

[Event "Klatovy op-A"]
[Site "Klatovy"]
[Date "2003.??.??"]
[Round "2"]
[White "Hyrs, Martin"]
[Black "Kovar, Jan"]
[Result "1/2-1/2"]
[WhiteElo "2108"]
[BlackElo "2107"]
[PlyCount "46"]
[EventDate "2003.??.??"]
[EventType "swiss"]
[EventRounds "9"]
[EventCountry "CZE"]
[SourceTitle "EXT 2005"]
[Source "ChessBase"]
[SourceDate "2004.11.15"]
[SourceVersion "1"]
[SourceVersionDate "2004.11.15"]
[SourceQuality "1"]

1. Nf3 Nf6 2. c4 c5 3. Nc3 e6 4. e4 d6 5. d4 cxd4 6. Nxd4 a6 7. Be3 Be7 8. Be2 0-0 9. 0-0 Nbd7 10. f3 Qc7 11. Qd2 b6 12. Rfd1 Bb7 13. Rac1 Rac8 14. Qe1 Rfd8 15. Qf2 Qb8 16. Nc2 Ba8 17. Rd2 Bf8 18. Rcd1 Kh8 19. Na4 Nc5 20. Nc3 Ncd7 21. Na4 b5 22. cxb5 axb5 23. Nb6 Rc7 1/2-1/2

[Event "CZE-chT B4 corr"]
[Site "Czechia"]
[Date "2002.??.??"]
[Round "?"]
[White "Lorenc, Tomas"]
[Black "Kovar, Jan"]
[Result "1/2-1/2"]
[WhiteElo "2200"]
[BlackElo "2000"]
[PlyCount "58"]
[EventDate "2002.??.??"]
[EventType "team (corr)"]
[EventRounds "14"]
[EventCountry "CZE"]
[SourceTitle "Corr 2004"]
[Source "ChessBase"]
[SourceDate "2003.04.28"]
[SourceVersion "3"]
[SourceVersionDate "2003.04.28"]
[SourceQuality "1"]

1. d4 d5 2. c4 e6 3. Nc3 c6 4. e3 Nf6 5. Nf3 Nbd7 6. Qc2 Bd6 7. Bd3 0-0 8. 0-0 e5 9. cxd5 cxd5 10. e4 dxe4 11. Nxe4 Nxe4 12. Bxe4 h6 13. Be3 exd4 14. Bh7+ Kh8 15. Bxd4 Nf6 16. Bf5 Qa5 17. Bxc8 Rfxc8 18. Qb3 Qd5 19. Bxf6 Qxb3 20. Bxg7+ Kxg7 21. axb3 Be7 22. Nd4 Bf6 23. Rfd1 Bxd4 24. Rxd4 Rc2 25. Rb4 Rac8 26. g3 Rc1+ 27. Rxc1 Rxc1+ 28. Kg2 b6 29. g4 Rc2 1/2-1/2